Geography Quiz

Random Geography or City Quiz

Shrinking US Cities (2000-2010) Quiz Stats

 Plays Quiz Updated Jan 11, 2019

Score 0/30 Timer 08:00
0 Plays Today
Rank City % Correct
1Detroit, MI
89.2%
2Chicago, IL
72.8%
4Cleveland, OH
69.6%
10Pittsburgh, PA
63.2%
3New Orleans, LA
58.3%
5Cincinnati, OH
56.1%
9St. Louis, MO
53.8%
6Buffalo, NY
53.2%
8Baltimore, MD
47.5%
11Toledo, OH
35.7%
13Flint, MI
35.4%
15Akron, OH
34.6%
18Jackson, MS
33%
22Rochester, NY
32.4%
14Gary, IN
30.1%
Rank City % Correct
12Dayton, OH
28.9%
7Birmingham, AL
25.5%
20Grand Rapids, MI
22.9%
16Youngstown, OH
19.3%
24Oakland, CA
18%
25Canton, OH
13.1%
27South Bend, IN
11.8%
28Biloxi, MS
9.1%
19Saginaw, MI
6.3%
26Pontiac, MI
4.4%
21Galveston, TX
4.3%
17Santa Ana, CA
2.3%
23Hampton, VA
1.5%
30Pine Bluff, AR
1%
29Southfield, MI
0.9%

You're not logged in!

Compare scores with friends on all Sporcle quizzes.
OR
Log In

Sporcle TV

Today on Sporcle TV


Watch our educational content, quiz creation guides, and fun videos on Sporcle TV.

Show Comments

Extras

Top Quizzes Today


Score Distribution

Your Account Isn't Verified!

In order to create a playlist on Sporcle, you need to verify the email address you used during registration. Go to your Sporcle Settings to finish the process.

Report this User

Report this user for behavior that violates our Community Guidelines.

Details: